000 00908nam a2200289 i 4500
001 000003539
003 DO-SdBNP
005 20260305114748.0
007 ta
008 290126s2024 dr r 001 0 spa d
020 _a9789945187212
040 _aDO-SdBNP
_bspa
_cBNPHU
_erda
041 _aspa
082 4 _axxx
_bD362d
_222
100 _aDe los Santos Valdez, Juan Francisco,
_eautor
_988915
_4aut.
245 0 0 _aDiccionario de parónimos
_cJuan Francisco De los Santos Valdez
250 _aPrimera edición
264 _aSanto Domingo, República Dominicana :
_bOkyanus Media Group, S.R.L.,
_c2024.
300 _a725 páginas :
_bilustraciones ;
_c25 cm.
336 _2rdacontent
_atexto
_btxt
337 _2rdamedia
_asin mediación
_bn
338 _2rdacarrier
_avolumen
_bnc
504 _aBibliografía: páginas 711-725
590 _aInventariado, 2026/DG
910 _aDG
942 _2ddc
_cLBS1
999 _c60157
_d60157